Kết quả nghiên cứu khoa học kỹ thuật 1969-1979; T2 Nghiên cứu cơ bản và thức ăn gia súc

সংরক্ষণ করুন:
গ্রন্থ-পঞ্জীর বিবরন
প্রধান লেখক: Viện Chăn Nuôi Việt Nam
বিন্যাস: গ্রন্থ
ভাষা:Undetermined
প্রকাশিত: Hà Nội Nông Nghiệp 1980
বিষয়গুলি:
ট্যাগগুলো: ট্যাগ যুক্ত করুন
কোনো ট্যাগ নেই, প্রথমজন হিসাবে ট্যাগ করুন!
Thư viện lưu trữ: Trung tâm Học liệu Trường Đại học Cần Thơ
LEADER 00614nam a2200169Ia 4500
001 CTU_13550
008 210402s9999 xx 000 0 und d
082 |a 636.072 
100 |a Viện Chăn Nuôi Việt Nam 
245 0 |a Kết quả nghiên cứu khoa học kỹ thuật 1969-1979; T2 
245 0 |b Nghiên cứu cơ bản và thức ăn gia súc 
245 0 |c Viện Chăn Nuôi Việt Nam 
260 |a Hà Nội 
260 |b Nông Nghiệp 
260 |c 1980 
650 |a animal culture,domestic animals,livestock 
980 |a Trung tâm Học liệu Trường Đại học Cần Thơ